| 000 | 00365cam a2200145ua 4500 | ||
|---|---|---|---|
| 003 | OSt | ||
| 008 | 240206b |||||||| |||| 00| 0 eng d | ||
| 041 | _aeng | ||
| 082 |
_a796.07 _bWIL/MO |
||
| 100 |
_aWilson, Ian R . _95825 |
||
| 245 | _aModern methods in physical education / | ||
| 260 |
_a : _bThe House of Grant Ltd , _c1958. |
||
| 300 | _a131 ; . | ||
| 942 | _cBK | ||
| 999 |
_c7923 _d7923 |
||